| 000 | 01583nam a2200469 i 4500 | ||
|---|---|---|---|
| 001 | 15161 | ||
| 003 | KOSZ 005 | ||
| 005 | 20200622122439.0 | ||
| 008 | 200402s1972 pl f f 000 0 pol | ||
| 015 | _aUWD 1973/2515 | ||
| 035 | _a991033002499705066 | ||
| 035 | _a(PL-WaBN)b18845307-48omnis_nlop | ||
| 035 | _ab18845307 | ||
| 035 | _a(OCoLC)838985586 | ||
| 035 | _a(PL)b0000001884530 | ||
| 035 | _a(EXLNZ-48OMNIS_NETWORK)9910247685705606 | ||
| 040 |
_aWA N _cWA N _dKOSZ 005/RW |
||
| 046 | _k1972 | ||
| 080 | _a54 | ||
| 080 | _a(075.8) | ||
| 100 | 1 |
_aDobrowolski, Jan _d(1919- ) _eAutor |
|
| 245 | 1 | 0 |
_aĆwiczenia z chemii / _cJan Dobrowolski, Maciej Walewski ; Politechnika Gdańska. |
| 260 |
_aGdańsk : _bWydawnictwo Uczelniane Politechniki Gdańskiej, _c1972. |
||
| 300 |
_a184, [1] strony ; _c24 cm. |
||
| 336 |
_aTekst _btxt _2rdacontent |
||
| 337 |
_aBez urządzenia pośredniczącego _bn _2rdamedia |
||
| 338 |
_aWolumin _bnc _2rdacarrier |
||
| 380 | _aKsiążki | ||
| 380 | _aPublikacje dydaktyczne | ||
| 388 | _a1901-2000 | ||
| 388 | _a1945-1989 | ||
| 504 | _aBibliografia na stronie [185]. | ||
| 650 | 7 |
_aChemia _2DBN |
|
| 650 | 7 | _aSzkoły wyższe | |
| 655 | 7 |
_aĆwiczenia i zadania dla szkół wyższych _2DBN |
|
| 658 | _aChemia | ||
| 700 | 1 |
_aWalewski, Maciej _eAutor |
|
| 710 | 2 |
_aWydawnictwo Uczelniane Politechniki Gdańskiej _4pbl |
|
| 856 |
_uhttp://koha.tu.koszalin.pl/cgi-bin/koha/opac-detail.pl?biblionumber=15161 _yKatalog online BPK |
||
| 942 |
_2UKD _cKS |
||
| 999 |
_c15161 _d15161 |
||